English Vocabulary test - Canoe/Kayak - Statistiques

Statistiques générales
  • Ce quiz a été pris 253 fois
  • Le résultat moyen est 35 sur 96
Statistiques - réponses
Hint Réponse % Correct
La main hand
99%
Le pied Foot
95%
La tête Head
92%
Le genou Knee
85%
Dans in
84%
Le corps Body
83%
Le bras Arm
81%
Le dos Back
79%
Sur On
74%
La jambe Leg
73%
Maintenant Now
70%
L'épaule Shoulder
69%
Hors (de) Out
66%
Rapide Fast
64%
Fort Strong
64%
Ensemble Together
63%
Loin Far
59%
Dedans Inside
59%
Levez-vous stand-up
58%
Derrière moi Behind me
57%
Entre Between
57%
Dehors Outside
57%
Lent Slow
57%
Courir To run
52%
Dur Hard
51%
Devant moi In front of me
51%
Marcher To walk
51%
Sous Under
51%
Sauter To jump
50%
Autour Around
49%
Lourd Heavy
48%
Bateau Boat
46%
Je touche mon partenaire I touch my partner
46%
Venir To come
46%
Essayer To try
46%
Le ventre Belly
45%
A côté Next to
45%
Attraper To catch
44%
Danser To dance
44%
Entrer To enter / come in
44%
Danseur Dancer
43%
Je ne touche pas mon partenaire I don't touch my partner
43%
Silence (arrêt) Silence
43%
En bas Down
41%
Le coude Elbow
39%
Pousser To push
39%
La hanche Hip
38%
Nager To swim
38%
En haut Up
38%
Le poignet Wrist
38%
La cheville Ankle
35%
Kayak Kayak
34%
Léger Light
33%
A gauche On the left
33%
A droite On the right
33%
Près Close to
32%
Rouler To roll
31%
Loin de moi Far from me
30%
La cuisse Thigh
29%
Près de moi Close to me
28%
Canoë Canoe
27%
Un rocher The rock
26%
Tirer To pull
26%
Spectateur Spectator
23%
Sortir To exit / go out
22%
Le mollet Calf
17%
Ramper To crawl
13%
Flotter To float
13%
Couler To sink
13%
Descendez au sol Get down
12%
Mou Soft
12%
Regarder To look at
12%
Poignée A hold
11%
Se regrouper To gather
11%
Tenir sa respiration To hold your breath
7%
Chorégraphe Choreographer
6%
En cercle In a circle
6%
En carré In a square
5%
Le bassin Pelvis
5%
La berge The shore
4%
Attaquant Attaquer
3%
Le "pont" d'un bateau Deck
3%
Défenseur Defendeur
3%
Pagaie Paddle
3%
Le manche de la paggaie The stick
3%
Le courant The stream
3%
S'accroupir To squat
3%
S'étirer To stretch out
3%
Un contre-courant A heady
2%
Un coup de paggaie A stroke
2%
En aval Down-stream
2%
Aller en arrière Going backward
2%
Aller en avant Going forward
2%
Sur place Stay on the spot
2%
Pâle The blade
2%
En amont Up-stream
2%
Aucun quiz correspondant
Distribution des résultats
% des personnes avec chaque résultat
Percentile par nombre de réponses
Votre historique - résultats
Vous n’avez pas pris ce quiz